[Event "Minsk rapid op3"]
[Site "Minsk"]
[Date "2018.06.29"]
[Round "8"]
[White "Alagulian, Kamo"]
[Black "Galkin, Gleb"]
[Result "0-1"]
[WhiteElo "2304"]
[BlackElo "1786"]
[PlyCount "86"]
[EventDate "2018.06.29"]
[EventType "swiss (rapid)"]
[EventRounds "9"]
[EventCountry "BLR"]
[SourceTitle "EXT 2021"]
[Source "ChessBase"]
[SourceDate "2020.10.23"]
[SourceVersion "1"]
[SourceVersionDate "2020.10.23"]
[SourceQuality "1"]

1. e4 e5 2. Nf3 Nc6 3. Bb5 a6 4. Bxc6 dxc6 5. 0-0 Bd6 6. d4 Qe7 7. dxe5 Bxe5 8. Nxe5 Qxe5 9. Nc3 Bd7 10. Be3 0-0-0 11. f4 Qe7 12. Qf3 Nf6 13. h3 Rhe8 14. e5 Nd5 15. Ne4 Nxe3 16. Qxe3 Bf5 17. Nc5 Rd5 18. b4 Bxc2 19. Rac1 Bf5 20. Nxa6 bxa6 21. Rxc6 Qxb4 22. Kh2 Re6 23. Rc3 Re7 24. Rfc1 Qd4 25. Qg3 g6 26. Qh4 Rdd7 27. Rc4 Qd2 28. Qf6 Re6 29. Qg7 Be4 30. Qf8+ Kb7 31. Qb4+ Qxb4 32. Rxb4+ Rb6 33. Rxe4 Rb2 34. a3 Rdd2 35. Rb4+ Rxb4 36. axb4 Rd4 37. Rf1 Rxb4 38. g4 Re4 39. Kg3 Re3+ 40. Kf2 Rxh3 41. f5 gxf5 42. gxf5 Kc6 43. e6 fxe6 0-1

[Event "Minsk rapid op3"]
[Site "Minsk"]
[Date "2018.06.29"]
[Round "3"]
[White "Alagulian, Kamo"]
[Black "Irgaliyev, Alikhan"]
[Result "0-1"]
[WhiteElo "2304"]
[BlackElo "2442"]
[PlyCount "83"]
[EventDate "2018.06.29"]
[EventType "swiss (rapid)"]
[EventRounds "9"]
[EventCountry "BLR"]
[SourceTitle "EXT 2021"]
[Source "ChessBase"]
[SourceDate "2020.10.23"]
[SourceVersion "1"]
[SourceVersionDate "2020.10.23"]
[SourceQuality "1"]

1. c4 d6 2. g3 Nf6 3. Bg2 g6 4. b3 Bg7 5. Bb2 Nbd7 6. Nf3 0-0 7. d4 c6 8. 0-0 a5 9. Nc3 Re8 10. e4 e5 11. d5 Qc7 12. dxc6 bxc6 13. Ba3 Bf8 14. Rc1 Nc5 15. Bxc5 dxc5 16. Qe2 Bg4 17. h3 Bd7 18. Qe3 Rad8 19. Na4 Qa7 20. Qg5 Re6 21. Rcd1 Qb8 22. Qe3 Qa7 23. Rd2 Rb8 24. Rfd1 Kg7 25. h4 Ree8 26. h5 Bg4 27. hxg6 hxg6 28. Qg5 Bh5 29. Qe3 Be7 30. Rd3 Ng4 31. Qc1 Nf6 32. Nxe5 Bxd1 33. Nxc6 Qc7 34. Nxb8 Be2 35. Rd2 Bg4 36. e5 Qxe5 37. Nc6 Qh5 38. Nxe7 Rxe7 39. Nb6 Bf3 40. Rd3 Bxg2 41. Kxg2 Re2 42. Nd5 0-1

[Event "RUS-chT rapid"]
[Site "Sochi"]
[Date "2015.05.09"]
[Round "7.36"]
[White "Vasilevich, Tatjana"]
[Black "Alagulian, Kamo"]
[Result "1-0"]
[WhiteElo "2404"]
[BlackElo "2294"]
[PlyCount "99"]
[EventDate "2015.05.08"]
[EventType "team-swiss"]
[EventRounds "9"]
[EventCountry "RUS"]
[SourceTitle "CBM 166 Extra"]
[Source "ChessBase"]
[SourceDate "2015.06.18"]
[SourceVersion "1"]
[SourceVersionDate "2015.06.18"]
[SourceQuality "1"]
[WhiteTeam "Crimea"]
[BlackTeam "Moscow Academy"]
[WhiteTeamCountry "RUS"]
[BlackTeamCountry "RUS"]

1. d4 Nf6 2. c4 c5 3. d5 e6 4. Nc3 exd5 5. cxd5 d6 6. e4 g6 7. f3 Bg7 8. Be3 a6 9. a4 0-0 10. Nge2 Nbd7 11. Ng3 Rb8 12. Be2 Re8 13. 0-0 h5 14. Qd2 Nh7 15. Rfd1 Ne5 16. h3 h4 17. Nh1 g5 18. Rab1 f5 19. b4 f4 20. Bf2 c4 21. b5 Bd7 22. Bd4 Nf6 23. bxa6 bxa6 24. Rxb8 Qxb8 25. Rb1 Qc8 26. Rb6 Bxh3 27. gxh3 Qxh3 28. Bxe5 Rxe5 29. Bd1 Qc8 30. Rc6 Qb7 31. Nf2 Ne8 32. Rxc4 Re7 33. Kg2 Rc7 34. Rxc7 Qxc7 35. Ne2 Qc5 36. Qc2 Qe3 37. Qc8 Kf8 38. Qf5+ Kg8 39. Qxg5 h3+ 40. Nxh3 Nf6 41. Qxf4 Qd3 42. Nf2 Qc4 43. Qxd6 Nh5 44. Qe6+ Kf8 45. Qf5+ Nf6 46. Ng4 Qd3 47. Nxf6 Qxd1 48. Qc8+ Ke7 49. Qe6+ Kf8 50. Qe8# 1-0

[Event "St Petersburg White Nights op"]
[Site "St Petersburg"]
[Date "2001.06.11"]
[Round "3"]
[White "Burtasova, Anna"]
[Black "Alagulian, Kamo"]
[Result "0-1"]
[WhiteElo "2077"]
[BlackElo "2226"]
[PlyCount "90"]
[EventDate "2001.06.09"]
[EventType "swiss"]
[EventRounds "9"]
[EventCountry "RUS"]
[SourceTitle "CBM 082 Extra"]
[Source "ChessBase"]
[SourceDate "2001.07.03"]
[SourceVersion "1"]
[SourceVersionDate "2001.07.03"]
[SourceQuality "1"]

1. e4 c5 2. c3 Nf6 3. e5 Nd5 4. d4 cxd4 5. Nf3 Nc6 6. Bc4 Nb6 7. Bb3 g6 8. Ng5 d5 9. cxd4 h6 10. Nf3 Bg4 11. Be3 Bg7 12. Nc3 0-0 13. 0-0 Na5 14. Bc2 Rc8 15. h3 Bxf3 16. Qxf3 Nbc4 17. Bc1 Nc6 18. Qxd5 Nxd4 19. Be4 Nxe5 20. Qxb7 Rc7 21. Qa6 Kh7 22. Be3 f5 23. Bd5 Nc2 24. Rad1 Nxe3 25. Bg8+ Rxg8 26. Rxd8 Rxd8 27. fxe3 Nc4 28. Nb5 Rcd7 29. e4 Ne3 30. Re1 f4 31. Nc3 Rd2 32. Ne2 Rd1 33. Nxf4 Rxe1+ 34. Kf2 Rd6 35. Qxa7 Rf1+ 36. Kxe3 Bd4+ 37. Qxd4 Rxd4 38. Kxd4 Rxf4 39. b4 Rf2 40. a4 Rxg2 41. a5 Ra2 42. Kc5 h5 43. Kb6 g5 44. a6 g4 45. hxg4 hxg4 0-1

[Event "Moscow-ch"]
[Site "Moscow"]
[Date "1999.??.??"]
[Round "6"]
[White "Oleinikov, Dmitrij"]
[Black "Alagulian, Kamo"]
[Result "0-1"]
[WhiteElo "2300"]
[BlackElo "2171"]
[PlyCount "82"]
[EventDate "1999.??.??"]
[EventType "swiss"]
[EventRounds "9"]
[EventCountry "RUS"]
[SourceTitle "EXT 2001"]
[Source "ChessBase"]
[SourceDate "2000.11.22"]
[SourceVersion "1"]
[SourceVersionDate "2000.11.22"]
[SourceQuality "1"]

1. e4 c5 2. Nf3 d6 3. d4 cxd4 4. Nxd4 Nf6 5. Nc3 g6 6. g3 Bg7 7. Bg2 0-0 8. 0-0 Nc6 9. Nde2 Ne5 10. h3 Be6 11. b3 Rc8 12. Be3 Qa5 13. Qd2 Bxh3 14. f3 Bxg2 15. Kxg2 Rfd8 16. Rad1 e6 17. Rh1 d5 18. exd5 Nxd5 19. Nxd5 Rxd5 20. Nd4 Qxd2+ 21. Rxd2 Rc3 22. Kf2 Nc6 23. Nxc6 Rxd2+ 24. Bxd2 Rxc2 25. Ne7+ Kf8 26. Nxg6+ hxg6 27. Ke2 Rxa2 28. Rc1 Bf6 29. Rc7 b5 30. Kd3 a5 31. Rb7 b4 32. Ra7 Rb2 33. Rxa5 Rxb3+ 34. Ke4 Bc3 35. Bh6+ Ke7 36. g4 Ra3 37. Rb5 f5+ 38. gxf5 gxf5+ 39. Kf4 Bd2+ 40. Ke5 Bxh6 41. Rxb4 Re3+ 0-1

[Event "RUS-Cup02"]
[Site "Moscow"]
[Date "1998.??.??"]
[Round "6"]
[White "Alagulian, Kamo"]
[Black "Murzin, Lenar"]
[Result "1/2-1/2"]
[WhiteElo "2105"]
[BlackElo "2240"]
[PlyCount "62"]
[EventDate "1998.01.21"]
[EventType "swiss"]
[EventRounds "9"]
[EventCountry "RUS"]
[SourceTitle "EXT 1999"]
[Source "ChessBase"]
[SourceDate "1998.11.16"]
[SourceVersion "1"]
[SourceVersionDate "1998.11.16"]
[SourceQuality "1"]

1. e4 c5 2. Nf3 Nc6 3. d4 cxd4 4. Nxd4 e6 5. Nc3 Qc7 6. Be2 a6 7. Be3 Nf6 8. 0-0 Bb4 9. Na4 Be7 10. Nxc6 bxc6 11. Bd3 c5 12. Qe2 Bb7 13. Bg5 0-0 14. Nc3 d6 15. Rae1 h6 16. Bf4 Nd7 17. Qg4 Ne5 18. Bxe5 dxe5 19. Bc4 Rfd8 20. Rd1 Rd4 21. Qe2 Qc6 22. b3 Rad8 23. f3 R8d6 24. Rd3 Qd7 25. Rfd1 Bd8 26. Qf2 Bc7 27. Na4 Qc8 28. c3 Rxd3 29. Rxd3 Rxd3 30. Bxd3 Bd6 31. Qe2 Qc6 1/2-1/2